000 00627cam a22002294a 4500
999 _c141557
_d141557
003 UPN
005 20240806063925.0
008 090217s2000 mx r 000 1 spa d
020 _a9706331506
035 _aUPN01000169451
040 _aUPN
_bspa
_cUPN
049 _aCG
050 4 _aPQ7297 Z3.7
_bC3.7
100 1 _aZarco, Francisco,
_d1829-1869
_928493
245 1 0 _aCastillos en el aire y otros textos mordaces /
_cFrancisco Zarco.
260 _aMéxico :
_bCoyoacán,
_c2000.
300 _a173 p.
490 0 _aReino imaginario ;
_v68
650 4 _aLiteratura mexicana
_94466
905 _aLibro
942 _2lcc
_cLIBRO